Dân ca /
Sparad:
| Huvudupphovsman: | |
|---|---|
| Övriga upphovsmän: | |
| Materialtyp: | Artikel |
| Språk: | Vietnamese |
| Ämnen: | |
| Taggar: |
Lägg till en tagg
Inga taggar, Lägg till första taggen!
|
| Thư viện lưu trữ: | Thư viện Trường Đại học Đà Lạt |
|---|
| LEADER | 00762nam a2200277 4500 | ||
|---|---|---|---|
| 001 | DLU120144372 | ||
| 005 | ##20121204 | ||
| 040 | # | # | |a DLU |b vie |
| 041 | # | # | |a vie |
| 044 | # | # | |a vn |
| 100 | # | # | |a Rilke, Rainer Maria. |
| 245 | # | # | |a Dân ca / |c Rainer Maria Rilke, Bằng Việt dịch. |
| 653 | # | # | |a Cảm xúc |
| 653 | # | # | |a Tình cảm |
| 653 | # | # | |a Thiên nhiên |
| 700 | # | # | |a Bằng Việt, |e Dịch. |
| 773 | # | # | |t Văn học nước ngoài |g Số 10(94), 2010, tr. 85-86 |
| 920 | # | # | |a Phòng Tạp chí -- Trung tâm Thông tin - Thư viện Trường Đại học Đà Lạt |
| 994 | # | # | |a DLU |
| 900 | # | # | |a True |
| 911 | # | # | |a Nguyễn Thị Linh Chi |
| 925 | # | # | |a G |
| 926 | # | # | |a A |
| 927 | # | # | |a BB |
| 980 | # | # | |a Thư viện Trường Đại học Đà Lạt |